| Tag |
First Indicator |
Second Indicator |
Subfields |
| LEADER |
00000cam a2200000 a 4500 |
| 001 |
in00000990448 |
| 005 |
20150927154404.0 |
| 008 |
910118c19901976nmu 00010 eng d |
| 010 |
|
|
|a 85028956
|
| 020 |
|
|
|a 0826312330 :
|c $16.95
|
| 035 |
|
|
|a (OCoLC)22981484
|
| 035 |
|
|
|9 AEY1506AM
|
| 040 |
|
|
|a DWW
|c DWW
|d UtOrBLW
|
| 049 |
|
|
|a TXAM
|
| 090 |
|
|
|a PS3553.A777
|b Z464 1990
|
| 092 |
|
|
|a B
|b CARTER
|
| 100 |
1 |
|
|a Carter, Forrest.
|
| 245 |
1 |
4 |
|a The education of Little Tree /
|c Forrest Carter ; foreword by Rennard Strickland.
|
| 264 |
|
1 |
|a Albuquerque :
|b University of New Mexico Press,
|c 1990
|
| 264 |
|
4 |
|c ©1976
|
| 300 |
|
|
|a viii, 216 pages ;
|c 21 cm.
|
| 336 |
|
|
|a text
|b txt
|2 rdacontent
|
| 337 |
|
|
|a unmediated
|b n
|2 rdamedia
|
| 338 |
|
|
|a volume
|b nc
|2 rdacarrier
|
| 500 |
|
|
|a Reprint. Originally published: New York : Delacorte Press, c1976. With new foreword.
|
| 500 |
|
|
|a "A Eleanor Friede book."
|
| 600 |
1 |
0 |
|a Carter, Forrest
|x Childhood and youth.
|
| 650 |
|
0 |
|a Novelists, American
|y 20th century
|v Biography.
|
| 650 |
|
0 |
|a Cherokee Indians
|v Biography.
|
| 999 |
|
|
|a MARS
|
| 999 |
f |
f |
|s 431181bb-54df-3935-bad9-0cc4f1cddc8e
|i 610789b4-be5a-3591-94ff-b273c0cbedd1
|t 0
|
| 952 |
f |
f |
|p normal
|a Texas A&M University
|b College Station
|c Sterling C. Evans Library
|d Evans: Library Stacks
|t 0
|e PS3553.A777 Z464 1990
|h Library of Congress classification
|i unmediated -- volume
|m A14823330293
|
| 998 |
f |
f |
|a PS3553.A777 Z464 1990
|t 0
|l Evans: Library Stacks
|